Tavasz

Bibliographic Details
Main Author: Szilágyi, Domokos (Author)
Format: Article
Language:Hungarian
Slovak
Subjects:

MARC

LEADER 00000nab a2200000 a 4500
001 vtls000626591
003 SK-MaSNL
005 20260302185712.0
008 160314c1997 xo 0 hun
015 |a SNBRB19rr/mm-uuuuu 
035 |a CL0626730 
040 |a SNKBUCL  |b slo  |c SNKBUCL  |e AACR2 
041 0 |a slo 
044 |a xo  |c SK 
080 |a 894.511 (498)-1(087.5)=945.11  |2 1981 
100 1 |a Szilágyi, Domokos  |4 aut  |9 899757 
245 1 0 |a Tavasz  |c Domokos Szilágyi 
650 0 7 |a naratívne básne  |2 snkbucl  |9 56217 
773 0 |t Tábortűz  |g Roč. 46, č. május (1997), s. 26 
850 |a Slovenská národná knižnica v Martine  |a DSG001 
852 |a SNK  |b KIS3GCP 
958 |a HU 
958 |a LX 
958 |a RO 
958 |a NX 
958 |a RK 
958 |a RBX 
999 |c 1430634  |d 1432564